| Tag |
First Indicator |
Second Indicator |
Subfields |
| LEADER |
00000cam a2200000 a 4500 |
| 001 |
in00001237263 |
| 005 |
20151003062355.0 |
| 008 |
941102s1995 nyu 000 0 eng |
| 010 |
|
|
|a 94042641
|
| 020 |
|
|
|a 0312119178
|
| 035 |
|
|
|a (OCoLC)31607252
|
| 035 |
|
|
|9 AGS7564AM
|
| 040 |
|
|
|a DLC
|c DLC
|d TXA
|d UtOrBLW
|
| 043 |
|
|
|a n-us---
|
| 049 |
|
|
|a TXAM
|
| 050 |
0 |
0 |
|a ML54.6.N45
|b C87 1995
|
| 082 |
0 |
0 |
|a 782.42/1642/0268
|2 20
|
| 100 |
1 |
|
|a Nelson, Willie,
|d 1933-
|
| 240 |
1 |
0 |
|a Songs.
|s Texts
|
| 245 |
1 |
0 |
|a Willie Nelson :
|b lyrics, 1957-1994 /
|c Willie Nelson ; Don Cusic, editor.
|
| 250 |
|
|
|a 1st ed.
|
| 264 |
|
1 |
|a New York :
|b St. Martin's Press,
|c [1995]
|
| 264 |
|
4 |
|c ©1995
|
| 300 |
|
|
|a vii, 215 pages ;
|c 24 cm.
|
| 336 |
|
|
|a text
|b txt
|2 rdacontent
|
| 337 |
|
|
|a unmediated
|b n
|2 rdamedia
|
| 338 |
|
|
|a volume
|b nc
|2 rdacarrier
|
| 650 |
|
0 |
|a Country music
|v Texts.
|
| 700 |
1 |
|
|a Cusic, Don.
|
| 999 |
|
|
|a MARS
|
| 999 |
f |
f |
|s 245e7830-d5cf-3919-822f-72539e1a2ad4
|i 20e50693-826f-34a2-8250-e05cb2dbf44f
|t 0
|
| 952 |
f |
f |
|p ric
|a Texas A&M University
|b Rellis Campus
|c Joint Library Facility
|d Remote Storage
|t 0
|e ML54.6.N45 C87 1995
|h Library of Congress classification
|i unmediated -- volume
|m A14819259207
|
| 998 |
f |
f |
|a ML54.6.N45 C87 1995
|t 0
|l Remote Storage
|